| 000 | 00759cab a22001935a 4500 | ||
|---|---|---|---|
| 001 | L148975 | ||
| 008 | 091209e20091107xxka f g 000 0 eng d | ||
| 035 | _a(Sirsi) u148976 | ||
| 041 | 0 | _aeng | |
| 100 | 1 | _aCattell, Sophie | |
| 245 | 0 | 0 | _aChoose adequate cover |
| 260 | _c2009 | ||
| 490 |
_aEstates Gazette _v(0944) 7 November 2009, 204-205(2) |
||
| 520 | _aPresents warranties as the best protection for tenants to ensure that they are not liable for inherent defects, or faulty installations in a new or refurbished building. Suggests that landlords are under obligation to repair items for which the contractor is liable. | ||
| 590 | _aKA | ||
| 651 | 4 |
_aEngland and Wales _y1543- |
|
| 690 | _aPROPERTY-LANDLORD AND TENANT-DILAPIDATIONS | ||
| 942 | _n0 | ||
| 999 |
_c82019 _d82019 |
||